000 00393nam a22001577a 4500
005 20190330125523.0
008 190330b xxu||||| |||| 00| 0 eng d
020 _a978-81-7956-163-8
041 _aeng
100 _aGorai, Dr.A K
_94924
245 _aA Complete Guide for Mining Engineers
250 _aRevised Edition
260 _aDhanbad
_bLovely Prakashan
300 _a444
942 _cBK
999 _c5797
_d5795